Guess the lyrics (#11) - Statistics

General Stats
  • This quiz has been taken 361 times
  • The average score is 82 of 158
Answer Stats
Answer % Correct
I
97%
A
96%
a
96%
the
91%
you
90%
You
90%
We
80%
we
80%
and
78%
And
78%
me
77%
it
75%
when
75%
on
73%
where
73%
be
72%
to
72%
Do
71%
Love
71%
love
71%
is
69%
no
68%
your
68%
can
67%
are
66%
my
66%
that
63%
know
59%
if
52%
one
52%
can't
50%
it's
49%
like
47%
by
44%
only
44%
from
43%
could
42%
get
40%
say
40%
just
39%
came
35%
never
35%
good
34%
ours
34%
back
30%
take
30%
way?
30%
day
29%
gave
28%
right
28%
said
24%
started
24%
started
23%
away
22%
remember
21%
stay
20%
first
18%
gotta
18%
coming
17%
put
15%
strong
15%
place
13%
things
13%
hurt
12%
fade
11%
Ooh
11%
alright
10%
face
10%
begun
9%
smile
9%
little
8%
no-one
8%
sunny
7%
No matching quizzes found
Score Distribution
Percent of People with Each Score
Percentile by Number Answered
Your Score History
You have not taken this quiz